[Event "Montigny Autumn-B 17th"]
[Site "Montigny le Bretonneux"]
[Date "2018.10.21"]
[Round "2"]
[White "Gazay, Didier"]
[Black "Branson, James"]
[Result "0-1"]
[WhiteElo "1657"]
[BlackElo "1582"]
[PlyCount "78"]
[EventDate "2018.10.20"]
[EventType "tourn"]
[EventRounds "9"]
[EventCountry "FRA"]
[SourceTitle "EXT 2020"]
[Source "ChessBase"]
[SourceDate "2019.10.17"]
[SourceVersion "1"]
[SourceVersionDate "2019.10.17"]
[SourceQuality "1"]

1. c4 c6 2. g3 d5 3. cxd5 cxd5 4. d4 Nc6 5. Nc3 Nf6 6. Bg2 e6 7. Nf3 Be7 8. 0-0 0-0 9. h3 Bd7 10. Ne5 Rc8 11. Nxd7 Qxd7 12. e3 g6 13. Bd2 Nh5 14. Qg4 f5 15. Qe2 Nf6 16. Rfd1 Ne4 17. Be1 Bd6 18. Kh2 Nd8 19. a3 Nf7 20. f3 Nxc3 21. Bxc3 a6 22. e4 f4 23. e5 fxg3+ 24. Kxg3 Be7 25. h4 Nh6 26. Bh3 Nf5+ 27. Bxf5 Rxf5 28. Rh1 Rcf8 29. Raf1 Qd8 30. f4 Rh5 31. Qg4 Rff5 32. Rc1 Qb6 33. Rc2 Qb3 34. Qe2 b5 35. Rh2 a5 36. Kg4 b4 37. axb4 axb4 38. Be1 Rxf4+ 39. Kxf4 Rf5+ 0-1

[Event "Montigny le Bretonneux op 13th"]
[Site "Montigny le Bretonneux"]
[Date "2014.10.22"]
[Round "5"]
[White "Branson, James"]
[Black "Amiard, Jean Claude"]
[Result "1-0"]
[WhiteElo "1779"]
[BlackElo "1704"]
[PlyCount "35"]
[EventDate "2014.10.18"]
[EventType "swiss"]
[EventRounds "9"]
[EventCountry "FRA"]
[SourceTitle "EXT 2016"]
[Source "ChessBase"]
[SourceDate "2015.10.08"]
[SourceVersion "1"]
[SourceVersionDate "2015.10.08"]
[SourceQuality "1"]

1. e4 c5 2. Nf3 Nc6 3. Bb5 g6 4. 0-0 Bg7 5. Re1 e6 6. Bxc6 bxc6 7. c4 Ne7 8. e5 h6 9. Nc3 Nf5 10. Ne4 0-0 11. Nxc5 d5 12. d3 Qb6 13. d4 Rd8 14. g4 Ne7 15. Be3 dxc4 16. Qc1 Kh7 17. Ne4 Nd5 18. Nf6+ 1-0

[Event "Montigny le Bretonneux-B 11th"]
[Site "Montigny le Bretonneux"]
[Date "2012.11.02"]
[Round "7"]
[White "Gazay, Didier"]
[Black "Branson, James"]
[Result "1-0"]
[WhiteElo "1837"]
[BlackElo "1705"]
[PlyCount "73"]
[EventDate "2012.10.27"]
[EventType "tourn"]
[EventRounds "9"]
[EventCountry "FRA"]
[SourceTitle "EXT 2014"]
[Source "ChessBase"]
[SourceDate "2013.11.20"]
[SourceVersion "1"]
[SourceVersionDate "2013.11.20"]
[SourceQuality "1"]

1. c4 Nf6 2. g3 d5 3. cxd5 Nxd5 4. Bg2 Nc6 5. Nc3 Nb6 6. Nf3 e5 7. 0-0 Be7 8. d3 0-0 9. a3 a5 10. Be3 Be6 11. Rc1 Nd5 12. Bd2 f6 13. Ne4 Ra7 14. Nc5 Bc8 15. h4 b6 16. Ne4 Nd4 17. Nc3 Nxc3 18. Bxc3 Be6 19. Bxd4 exd4 20. Nd2 Qd7 21. Bc6 Qc8 22. Qa4 Rd8 23. Nf3 Bh3 24. Rfe1 Qg4 25. Rc4 Qg6 26. Rxd4 Rxd4 27. Qxd4 Bd6 28. Kh2 Be6 29. e4 Qg4 30. e5 Qh3+ 31. Kg1 fxe5 32. Nxe5 g5 33. Bd5 gxh4 34. g4 Bxe5 35. Rxe5 Bxd5 36. Qxd5+ Kg7 37. Re7+ 1-0